Programming with mathematica : (Record no. 18078)
[ view plain ]
| 000 -LEADER | |
|---|---|
| fixed length control field | 00923cam a22002657a 4500 |
| 001 - CONTROL NUMBER | |
| control field | 17704196 |
| 005 - DATE AND TIME OF LATEST TRANSACTION | |
| control field | 20140303151704.0 |
| 008 - FIXED-LENGTH DATA ELEMENTS--GENERAL INFORMATION | |
| fixed length control field | 130419r20132014xxka fr2b f001 0 eng d |
| 020 ## - INTERNATIONAL STANDARD BOOK NUMBER | |
| International Standard Book Number | 9781107009462 (hbk.) |
| 020 ## - INTERNATIONAL STANDARD BOOK NUMBER | |
| International Standard Book Number | 1107009464 (hbk.) |
| 040 ## - CATALOGING SOURCE | |
| Original cataloging agency | UKMGB |
| Language of cataloging | eng |
| Transcribing agency | UKMGB |
| Modifying agency | OCLCO |
| -- | BTCTA |
| -- | YDXCP |
| -- | YNK |
| -- | CDX |
| -- | UAT |
| -- | BWX |
| -- | COD |
| -- | DLC |
| 082 04 - DEWEY DECIMAL CLASSIFICATION NUMBER | |
| Classification number | 005.133 |
| Edition number | 22 |
| Item number | WEL |
| 100 1# - MAIN ENTRY--PERSONAL NAME | |
| Personal name | Wellin, Paul R. |
| 9 (RLIN) | 35342 |
| 245 10 - TITLE STATEMENT | |
| Title | Programming with mathematica : |
| Remainder of title | an introduction / |
| Statement of responsibility, etc | Paul Wellin. |
| 250 ## - EDITION STATEMENT | |
| Edition statement | 1st ed., |
| Remainder of edition statement | reprinted. |
| 260 ## - PUBLICATION, DISTRIBUTION, ETC. (IMPRINT) | |
| Place of publication, distribution, etc | Cambridge, United Kingdom : |
| Name of publisher, distributor, etc | Cambridge University Press, |
| Date of publication, distribution, etc | 2013. |
| 300 ## - PHYSICAL DESCRIPTION | |
| Extent | xviii, 711 p. : |
| Other physical details | ill. (col.) ; |
| Dimensions | 25 cm. |
| 500 ## - GENERAL NOTE | |
| General note | Reprint of the 2013 ed. |
| 500 ## - GENERAL NOTE | |
| General note | Index : p. 695-711. |
| 504 ## - BIBLIOGRAPHY, ETC. NOTE | |
| Bibliography, etc | Bibliography : p. 687-694. |
| 650 #0 - SUBJECT ADDED ENTRY--TOPICAL TERM | |
| Topical term or geographic name as entry element | Mathematica (Computer program language) |
| 9 (RLIN) | 35344 |
| 653 ## - INDEX TERM--UNCONTROLLED | |
| Resource For college | Engineering, General |
| Arrived date list | March2014 |
| 655 ## - INDEX TERM--GENRE/FORM | |
| Form subdivision | |
| -- | 34232 |
| 942 ## - ADDED ENTRY ELEMENTS (KOHA) | |
| Source of classification or shelving scheme | Dewey Decimal Classification |
| Call number prefix | 005.133 WEL |
| Withdrawn status | Item status | Source of classification or shelving scheme | Damaged status | Not for loan | Vendor | Home library | Current library | Shelving location | Date acquired | Source of acquisition | Cost, normal purchase price | Total Checkouts | Total Renewals | Full call number | Barcode | Date last seen | Date last borrowed | Cost, replacement price | Koha item type |
|---|---|---|---|---|---|---|---|---|---|---|---|---|---|---|---|---|---|---|---|
| Dewey Decimal Classification | Baccah | Central Library | Central Library | Lower Floor | 03/03/2014 | 580.00 | 3 | 21 | 005.133 WEL | 000035652 | 15/07/2025 | 02/11/2017 | 725.00 | Book - Borrowing |